Statystyki dla Co może poprawić nasz nastrój?

Kliknij tutaj aby rozwiązać quiz!

Ogólne statystyki

  • Ten quiz został rozwiązany 18 razy
  • Średni wynik to 3 z 10

Statystyki odpowiedzi

Odpowiedź% Poprawnych
Muzyka
83%
Spacer
58%
Sport | Ćwiczenia
42%
Zakupy
42%
Kąpiel
33%
Masaż
25%
Wizyta u kosmetyczki
17%
Spotkanie z przyjaciółmi
8%
Wizyta u fryzjera
8%
Wizyta u psychologa
8%

Rozkład punktacji

Percentyl według liczby udzielonych odpowiedzi

Procent ludzi z każdym wynikiem

Twoja historia wyników

Nie rozwiązałeś tego quizu